000 00698nam a22002297a 4500
003 UA-OsUOA
001 112170
007 ta
008 20150622b un ||||| |||| 00| 0 ukr d
100 _aАлексєєнко Л.М.
700 _aШулюк Б.С.
090 _a330(477)
_bА47
942 _cSA
040 _aUA-OsUOA
_bukr
_cUA-OsUOA
_dUA-OsUOA
245 _aСоціальні програми: прагматика формування та проблеми фінансування
300 _aС.96-106
955 _a0
041 _aukr
080 _a330(477)
773 0 _w112164
_tФінанси України
_dК.
_d2015
_g4
650 7 _a330 Економіка взагалі
_2UDC
999 _c398255
_d398255